000
002310000a22000970004500
100
1
_a
Boyd, Seren
245
1
0
_a
The morning star : A new day for Zarine
300
_a
Num 16 (2001), Páginas 22-23
773
0
_t
Teartimes
942
_c
ANA
999
_c
55920
_d
55920